Statistics for Top 10 Tottenham Hotspur Premier League Most Assists

Click here to take the quiz!

General Stats

  • This quiz has been taken 180 times
    (147 since last reset)
  • The average score is 6 of 10

Answer Stats

PlayerAssists% Correct
Harry Kane44
97%
Son Heung-min62
95%
Christian Eriksen62
74%
Dele Alli34
68%
Robbie Keane27
56%
Teddy Sheringham36
41%
Aaron Lennon43
35%
Érik Lamela25
31%
Darren Anderton67
30%
David Ginola27
28%

Score Distribution

Percentile by Number Answered

Percent of People with Each Score

Your Score History

You have not taken this quiz since the last reset